[Event "X Festival Magistrale"]
[Site "Porto San Giorgio ITA"]
[Date "1998.08.27"]
[Round "7"]
[White "Lazarev, Vladimir"]
[Black "Sedina, Elena"]
[Result "1-0"]
[WhiteElo "2450"]
[BlackElo "2410"]
[PlyCount "85"]
[EventDate "1998.08.21"]

1. d4 Nf6 2. c4 c6 3. Nc3 d5 4. Nf3 dxc4 5. a4 Bf5 6. Ne5 e6 7. f3 Bb4 8. e4
Bxe4 9. fxe4 Nxe4 10. Bd2 Qxd4 11. Nxe4 Qxe4+ 12. Qe2 Bxd2+ 13. Kxd2 Qd5+ 14.
Kc2 Na6 15. Nxc4 O-O 16. Qf3 Rfd8 17. Be2 Qc5 18. Kb1 Nb4 19. Rc1 Qg5 20. Qg4
Qe7 21. Ra3 c5 22. Rg3 f6 23. Re3 e5 24. Qh5 Nd5 25. Re4 Nf4 26. Qf3 Nxe2 27.
Qxe2 Rd4 28. g4 Rad8 29. g5 Qf7 30. gxf6 gxf6 31. Rg1+ Kh8 32. Nxe5 Qc7 33. Qf3
Rf8 34. Rxd4 cxd4 35. Nd3 Qxh2 36. Qg4 Qc7 37. Qxd4 Qd8 38. Qe4 Qd7 39. Nc5 Qf7
40. Nxb7 Rb8 41. Nd6 Qb3 42. Qd4 Rf8 43. Qxa7 1-0

[Event "X Festival Magistrale"]
[Site "Porto San Giorgio ITA"]
[Date "1998.08.27"]
[Round "7"]
[White "Razuvaev, Yuri S."]
[Black "Glek, Igor V."]
[Result "1/2-1/2"]
[WhiteElo "2560"]
[BlackElo "2580"]
[PlyCount "23"]
[EventDate "1998.08.21"]

1. d4 Nf6 2. c4 e6 3. Nf3 d5 4. Nc3 Be7 5. Bg5 O-O 6. e3 h6 7. Bh4 b6 8. Bd3
Bb7 9. O-O Nbd7 10. Rc1 c5 11. cxd5 Nxd5 12. Bxe7 1/2-1/2

[Event "X Festival Magistrale"]
[Site "Porto San Giorgio ITA"]
[Date "1998.08.27"]
[Round "7"]
[White "Schweiger, Georg"]
[Black "Inkiov, Ventzislav V."]
[Result "0-1"]
[WhiteElo "2220"]
[BlackElo "2495"]
[PlyCount "50"]
[EventDate "1998.08.21"]

1. e4 c5 2. d3 Nc6 3. f4 g6 4. Nf3 Bg7 5. g3 d6 6. Bg2 Nf6 7. O-O O-O 8. c3 c4
9. Na3 cxd3 10. Qxd3 Qa5 11. h3 Rd8 12. Nd4 e5 13. Nb3 Qc7 14. Nb5 Qe7 15. Be3
Nh5 16. Kh2 exf4 17. gxf4 f5 18. Rad1 Qh4 19. Qc4+ Kh8 20. Nxd6 Rxd6 21. Rxd6
Qg3+ 22. Kh1 Qxe3 23. Rfd1 Bd7 24. Rxd7 Qxf4 25. Qf7 Rf8 0-1

[Event "X Festival Magistrale"]
[Site "Porto San Giorgio ITA"]
[Date "1998.08.27"]
[Round "7"]
[White "Van der Werf, Mark"]
[Black "Sermek, Drazen"]
[Result "0-1"]
[WhiteElo "2415"]
[BlackElo "2550"]
[PlyCount "140"]
[EventDate "1998.08.21"]

1. d4 d5 2. c4 dxc4 3. Nf3 Nf6 4. Nc3 e6 5. Bg5 c5 6. e3 Nc6 7. Bxc4 cxd4 8.
exd4 Be7 9. O-O O-O 10. Re1 b6 11. a3 Bb7 12. Qd3 h6 13. Bh4 Nh5 14. Bg3 Nxg3
15. hxg3 Bf6 16. Rad1 Ne7 17. Ne5 Nd5 18. Ba2 Nxc3 19. bxc3 Bxe5 20. Rxe5 Qf6
21. Bb1 g6 22. Qe3 Kg7 23. f4 h5 24. Rf1 Bc8 25. Re1 Ba6 26. Bd3 Bxd3 27. Qxd3
Rac8 28. c4 Rfd8 29. d5 Rc5 30. d6 Rc6 31. Rd1 h4 32. Kh2 Rd7 33. Re4 hxg3+ 34.
Kxg3 Rcxd6 35. Qxd6 Qc3+ 36. Kh2 Rxd6 37. Rxd6 Qxa3 38. Rd7 Kf6 39. Re5 Qa2 40.
Kg3 a5 41. Rb5 Qxc4 42. Rxb6 g5 43. fxg5+ Kxg5 44. Kh2 a4 45. Rbd6 a3 46. Rd1
a2 47. Ra7 Qg4 48. Ra5+ f5 49. Rf1 Qh4+ 50. Kg1 Qd4+ 51. Kh1 Qc4 52. Kg1 e5 53.
Ra8 e4 54. Re1 Kg4 55. Kh1 f4 56. Ra1 e3 57. R8xa2 e2 58. Ra3 Qb4 59. Rh3 Qd4
60. Re1 Qd1 61. Rxd1 exd1=Q+ 62. Kh2 Qe1 63. Rb3 Qf1 64. Ra3 Qe1 65. Rb3 Kf5
66. Rh3 Ke4 67. Rf3 Qe3 68. Rh3 Kd3 69. Rh8 f3 70. gxf3 Qe5+ 0-1

[Event "X Festival Magistrale"]
[Site "Porto San Giorgio ITA"]
[Date "1998.08.27"]
[Round "7"]
[White "Vera Gonzalez-Quevedo, Reynaldo"]
[Black "Van der Vorm, Teun"]
[Result "1/2-1/2"]
[WhiteElo "2530"]
[BlackElo "2350"]
[PlyCount "46"]
[EventDate "1998.08.21"]

1. d4 d5 2. c4 e6 3. Nc3 c6 4. e3 f5 5. f4 Nf6 6. Nf3 Be7 7. Bd3 O-O 8. O-O Ne4
9. Bd2 b6 10. Ne5 Bb7 11. g4 Nd7 12. gxf5 exf5 13. cxd5 Nxc3 14. Bxc3 cxd5 15.
Rf2 Rc8 16. Qa4 Nxe5 17. fxe5 Bc6 18. Qc2 g6 19. Raf1 Qd7 20. Rg2 Kh8 21. Qe2
a6 22. Bxa6 Ra8 23. Bd3 Rxa2 1/2-1/2

[Event "X Festival Magistrale"]
[Site "Porto San Giorgio ITA"]
[Date "1998.08.28"]
[Round "8"]
[White "Aleksic, Nenad"]
[Black "Iotti, Pierluigi"]
[Result "0-1"]
[WhiteElo "2445"]
[BlackElo "2320"]
[PlyCount "128"]
[EventDate "1998.08.21"]

1. e4 e6 2. Nf3 d5 3. Nc3 Nf6 4. e5 Nfd7 5. d4 c5 6. dxc5 Nc6 7. Bf4 Nxc5 8.
Bd3 Be7 9. a3 O-O 10. O-O f6 11. exf6 Bxf6 12. Bg3 Qb6 13. Rb1 Bd7 14. Qd2 Rad8
15. Rfe1 Be8 16. Ng5 Bxg5 17. Qxg5 Nxd3 18. cxd3 Bf7 19. Qd2 Nd4 20. Be5 Bg6
21. Rbd1 Rde8 22. Qe3 Nb3 23. Qg3 Rf7 24. Ne2 Bh5 25. Qh4 Bxe2 26. Rxe2 Rc8 27.
Qg4 Nc1 28. Re3 Rc6 29. Rf3 Rd7 30. Rg3 Rc2 31. Kh1 Ne2 32. Rf3 Qc6 33. Re3 Rd2
34. Re1 Nc1 35. Bc3 Nxd3 36. Rxd3 Rxd3 37. h3 Re7 38. Qg5 Rf7 39. Be5 d4 40.
Rc1 Qe8 41. Kh2 Rd7 42. Rc4 h6 43. Qc1 Qh5 44. Rc8+ Kh7 45. Bb8 Rd1 46. Qc4 d3
47. Qe4+ Qf5 48. Qa4 Qxf2 49. Qxd1 d2 50. Bg3 Qe3 51. Rc3 Qd4 52. Kh1 e5 53.
Bh2 Qe4 54. Bg3 Qd4 55. Kh2 b5 56. Kh1 a5 57. Bh2 Qe4 58. Bg3 b4 59. axb4 axb4
60. Rf3 Qd4 61. Bf2 Qxb2 62. Be3 Qc1 63. Rf1 Qxd1 64. Rxd1 b3 0-1

[Event "X Festival Magistrale"]
[Site "Porto San Giorgio ITA"]
[Date "1998.08.28"]
[Round "8"]
[White "Aleksieva, Silvia"]
[Black "Vera Gonzalez-Quevedo, Reynaldo"]
[Result "0-1"]
[WhiteElo "2335"]
[BlackElo "2530"]
[PlyCount "48"]
[EventDate "1998.08.21"]

1. c4 b6 2. Nc3 e6 3. d4 Bb7 4. a3 f5 5. d5 Nf6 6. Nf3 g6 7. dxe6 Bg7 8. Ng5
O-O 9. c5 Qe7 10. Qb3 Kh8 11. e4 Nc6 12. Be3 f4 13. Bxf4 Nd4 14. Qc4 Nc2+ 15.
Kd1 Nxa1 16. Bxc7 Ne8 17. cxb6 Qxg5 18. exd7 Qg4+ 19. Kc1 Qxd7 20. f3 Rc8 21.
Qb4 Nxc7 22. bxc7 Qxc7 23. Kb1 a5 24. Qb5 Bxc3 0-1

[Event "X Festival Magistrale"]
[Site "Porto San Giorgio ITA"]
[Date "1998.08.28"]
[Round "8"]
[White "Ciampi, Vincenzo"]
[Black "Ranieri, Fabrizio"]
[Result "1-0"]
[WhiteElo "2145"]
[BlackElo "2165"]
[PlyCount "43"]
[EventDate "1998.08.21"]

1. e4 e6 2. d4 d5 3. Nd2 Nf6 4. e5 Nfd7 5. Bd3 c5 6. c3 Nc6 7. Ngf3 Qb6 8. O-O
Be7 9. Re1 g5 10. c4 g4 11. cxd5 Nb4 12. Nc4 Qd8 13. dxe6 fxe6 14. Ng5 Bxg5 15.
Nd6+ Kf8 16. Qxg4 Bxc1 17. Qf3+ Kg7 18. Qf7+ Kh6 19. Qxe6+ Nf6 20. Nf5+ Kg6 21.
Ne7+ Kh5 22. Be2+ 1-0

[Event "X Festival Magistrale"]
[Site "Porto San Giorgio ITA"]
[Date "1998.08.28"]
[Round "8"]
[White "Davies, Nigel R."]
[Black "Dorin, Mauricio"]
[Result "1/2-1/2"]
[WhiteElo "2530"]
[BlackElo "2360"]
[PlyCount "34"]
[EventDate "1998.08.21"]

1. e4 c5 2. Nf3 Nc6 3. Bb5 e6 4. O-O Nge7 5. Re1 Nd4 6. Nxd4 cxd4 7. c3 Nc6 8.
e5 Bc5 9. b4 Be7 10. Qg4 O-O 11. Bxc6 dxc6 12. cxd4 f5 13. Qf4 a5 14. bxa5 Rxa5
15. Nc3 b5 16. Qe3 Bd7 17. Ne2 Ra4 1/2-1/2

[Event "X Festival Magistrale"]
[Site "Porto San Giorgio ITA"]
[Date "1998.08.28"]
[Round "8"]
[White "De Poi, Paolo"]
[Black "Suppa, Ercole"]
[Result "0-1"]
[WhiteElo "2101"]
[BlackElo "2115"]
[PlyCount "44"]
[EventDate "1998.08.21"]

1. e4 e6 2. d4 d5 3. Nc3 Nf6 4. Bg5 dxe4 5. Nxe4 Nbd7 6. Nf3 h6 7. Nxf6+ Nxf6
8. Bh4 a6 9. Bd3 c5 10. dxc5 Qa5+ 11. c3 Qxc5 12. Qe2 Bd6 13. O-O Bd7 14. Rad1
Qh5 15. Bxf6 gxf6 16. Be4 Bxh2+ 17. Kh1 Bf4+ 18. Kg1 Bh2+ 19. Kh1 Bc7+ 20. Kg1
O-O-O 21. g3 f5 22. Bd3 Rhg8 0-1

[Event "X Festival Magistrale"]
[Site "Porto San Giorgio ITA"]
[Date "1998.08.28"]
[Round "8"]
[White "Inkiov, Ventzislav V."]
[Black "Mrdja, Milan"]
[Result "1-0"]
[WhiteElo "2495"]
[BlackElo "2430"]
[PlyCount "77"]
[EventDate "1998.08.21"]

1. d4 Nf6 2. c4 g6 3. Nc3 d5 4. Bf4 Bg7 5. e3 O-O 6. Qb3 c6 7. Nf3 Qa5 8. Nd2
Nbd7 9. Be2 dxc4 10. Nxc4 Qd8 11. O-O Nb6 12. Rad1 Be6 13. e4 Bxc4 14. Bxc4
Nxc4 15. Qxc4 Rc8 16. h3 Re8 17. Rfe1 e6 18. Be5 b5 19. Qe2 b4 20. Na4 Nd7 21.
Bxg7 Kxg7 22. b3 Qa5 23. Qd2 c5 24. a3 Qb5 25. axb4 cxb4 26. e5 a5 27. d5 Nc5
28. Nxc5 Rxc5 29. d6 Qd7 30. h4 h6 31. Qf4 Rec8 32. Re4 Kh7 33. Qf6 Rc1 34.
Rxc1 Rxc1+ 35. Kh2 Rc8 36. Rf4 Kg8 37. h5 g5 38. Rf3 Rc5 39. Qe7 1-0

[Event "X Festival Magistrale"]
[Site "Porto San Giorgio ITA"]
[Date "1998.08.28"]
[Round "8"]
[White "Narciso Dublan, Marc"]
[Black "Corvi, Marco"]
[Result "0-1"]
[WhiteElo "2460"]
[BlackElo "2305"]
[PlyCount "98"]
[EventDate "1998.08.21"]

1. e4 c5 2. Nf3 e6 3. c3 Nf6 4. e5 Nd5 5. d4 cxd4 6. Qxd4 Nc6 7. Qe4 d6 8. Nbd2
dxe5 9. Nxe5 Nxe5 10. Qxe5 Bd7 11. Be2 Qc7 12. Qxc7 Nxc7 13. Nc4 f6 14. Bh5+ g6
15. Bf3 Nd5 16. Ne3 Nxe3 17. Bxe3 Bc6 18. Bxc6+ bxc6 19. O-O-O h5 20. Rhe1 Rh7
21. Bd4 e5 22. f4 Bh6 23. Be3 Re7 24. fxe5 Bxe3+ 25. Rxe3 Rxe5 26. Rxe5+ fxe5
27. Rd6 Ke7 28. Rxc6 Rf8 29. Rxg6 Rf2 30. Rg5 Ke6 31. Rxh5 Rxg2 32. a4 Kd5 33.
a5 a6 34. Rh6 e4 35. b3 e3 36. Kd1 Ke4 37. Rxa6 Rg1+ 38. Ke2 Rg2+ 39. Kf1 Rxh2
40. Rd6 Kf3 41. Rf6+ Ke4 42. a6 e2+ 43. Ke1 Ke3 44. Re6+ Kd3 45. b4 Rh1+ 46.
Kf2 Rf1+ 47. Kg2 e1=Q 48. Rxe1 Rxe1 49. b5 Ra1 0-1

[Event "X Festival Magistrale"]
[Site "Porto San Giorgio ITA"]
[Date "1998.08.28"]
[Round "8"]
[White "Pienabarca, Nicola"]
[Black "Marchiando, Giorgio"]
[Result "1-0"]
[WhiteElo "2080"]
[BlackElo "1888"]
[PlyCount "47"]
[EventDate "1998.08.21"]

1. d4 Nf6 2. Nf3 d5 3. Bf4 Bf5 4. Nbd2 Nbd7 5. e3 e6 6. h3 c5 7. Nh4 Bg6 8.
Nxg6 hxg6 9. c3 c4 10. e4 Nb6 11. Bg5 Be7 12. Bxf6 Bxf6 13. Be2 Qd7 14. O-O Na4
15. exd5 exd5 16. Bg4 Qb5 17. Re1+ Kf8 18. Rb1 Re8 19. Rxe8+ Qxe8 20. Bf3 Nb6
21. b3 Qd7 22. bxc4 Nxc4 23. Nxc4 dxc4 24. Rxb7 1-0

[Event "X Festival Magistrale"]
[Site "Porto San Giorgio ITA"]
[Date "1998.08.28"]
[Round "8"]
[White "Safranska, Anda"]
[Black "Agnelli, Francesco"]
[Result "1-0"]
[WhiteElo "2275"]
[BlackElo "2040"]
[PlyCount "53"]
[EventDate "1998.08.21"]

1. e4 c5 2. Nc3 Nc6 3. f4 e6 4. Nf3 d5 5. Bb5 Nge7 6. exd5 exd5 7. Qe2 Bg4 8.
Bxc6+ bxc6 9. O-O Qd6 10. h3 Bxf3 11. Rxf3 g6 12. f5 Bg7 13. d3 Bd4+ 14. Kh1
O-O 15. Bf4 Qd7 16. fxg6 hxg6 17. Na4 Nf5 18. c3 Rfe8 19. Qd2 Bg7 20. Nxc5 Qd8
21. d4 Bf8 22. Raf1 a5 23. g4 Nh4 24. R3f2 Ra7 25. Nd3 Re4 26. Ne5 Qe8 27. Bg3
1-0

[Event "X Festival Magistrale"]
[Site "Porto San Giorgio ITA"]
[Date "1998.08.28"]
[Round "8"]
[White "Sedina, Elena"]
[Black "Badea, Bela"]
[Result "1/2-1/2"]
[WhiteElo "2410"]
[BlackElo "2530"]
[PlyCount "26"]
[EventDate "1998.08.21"]

1. e4 g6 2. d4 d6 3. c3 Bg7 4. Nf3 Nf6 5. Bd3 O-O 6. O-O Nc6 7. h3 e5 8. Re1
Nh5 9. Be3 h6 10. Nbd2 Qf6 11. Bf1 Nf4 12. Kh2 g5 13. g3 Ng6 1/2-1/2

[Event "X Festival Magistrale"]
[Site "Porto San Giorgio ITA"]
[Date "1998.08.28"]
[Round "8"]
[White "Sermek, Drazen"]
[Black "Razuvaev, Yuri S."]
[Result "1/2-1/2"]
[WhiteElo "2550"]
[BlackElo "2560"]
[PlyCount "24"]
[EventDate "1998.08.21"]

1. e4 c5 2. c3 Nf6 3. e5 Nd5 4. Nf3 Nc6 5. Bc4 Nb6 6. Bb3 c4 7. Bc2 Qc7 8. Qe2
g5 9. e6 dxe6 10. Nxg5 Qe5 11. d4 cxd3 12. Bxd3 Qxe2+ 1/2-1/2

[Event "X Festival Magistrale"]
[Site "Porto San Giorgio ITA"]
[Date "1998.08.28"]
[Round "8"]
[White "Ulibin, Mikhail"]
[Black "Skembris, Spyridon"]
[Result "1/2-1/2"]
[WhiteElo "2555"]
[BlackElo "2480"]
[PlyCount "167"]
[EventDate "1998.08.21"]

1. d4 Nf6 2. c4 e6 3. g3 d5 4. Bg2 Bb4+ 5. Bd2 Bxd2+ 6. Nxd2 O-O 7. Ngf3 Nbd7
8. O-O c5 9. cxd5 exd5 10. dxc5 Nxc5 11. Qc2 Qe7 12. Rac1 b6 13. Nd4 Bd7 14.
Nb1 Rac8 15. Nc3 Na4 16. Qb3 Nxc3 17. Rxc3 Rxc3 18. Qxc3 Rc8 19. Qb3 Qc5 20. e3
h6 21. h3 Qa5 22. a3 Qd2 23. Rd1 Rc1 24. Rxc1 Qxc1+ 25. Kh2 Qe1 26. Qc2 Ne4 27.
Bxe4 dxe4 28. Kg2 Qa1 29. Qc7 Be6 30. Qxa7 Bc4 31. Qa8+ Kh7 32. Qxe4+ g6 33.
Qf4 Qxb2 34. Nf5 Bd5+ 35. e4 Bxe4+ 36. Qxe4 gxf5 37. Qxf5+ Kg7 38. Qg4+ Kh7 39.
Qb4 Qf6 40. Qe4+ Kg7 41. a4 Qb2 42. h4 Qb3 43. Qe5+ Kg8 44. Qd4 Qe6 45. Kf3
Qf5+ 46. Ke3 Qa5 47. Qg4+ Kf8 48. Qc4 Qe1+ 49. Kf3 Qd2 50. Qc8+ Kg7 51. Qg4+
Kf8 52. Qf4 Qd1+ 53. Kg2 Qd5+ 54. f3 Qa2+ 55. Kh3 Qe6+ 56. Qg4 Qc6 57. Qe4 Qd7+
58. g4 Qd1 59. Kg2 Qd2+ 60. Kg3 Qd6+ 61. Qf4 Qe6 62. Qb4+ Kg8 63. Qc3 Qd6+ 64.
Kg2 Qd1 65. Qe3 Qc2+ 66. Kg3 Qc7+ 67. Qf4 Qc5 68. g5 Qg1+ 69. Kh3 h5 70. Qh2
Qd1 71. Qf2 Qd7+ 72. Kg3 Qd6+ 73. Kg2 Qb4 74. Kh3 Qf4 75. Kg2 Qxa4 76. Qxb6
Qxh4 77. Qd8+ Kg7 78. Qf6+ Kg8 79. Qh6 Qe1 80. Qxh5 Qe2+ 81. Kh3 Qf1+ 82. Kg4
Qg1+ 83. Kf5 Qc5+ 84. Ke4 1/2-1/2

[Event "X Festival Magistrale"]
[Site "Porto San Giorgio ITA"]
[Date "1998.08.28"]
[Round "8"]
[White "Van der Vorm, Teun"]
[Black "Barlov, Dragan"]
[Result "1-0"]
[WhiteElo "2350"]
[BlackElo "2495"]
[PlyCount "117"]
[EventDate "1998.08.21"]

1. e4 c5 2. Ne2 e6 3. d4 cxd4 4. Nxd4 a6 5. Bd3 g6 6. O-O Bg7 7. Nf3 Nc6 8. c4
Nge7 9. Nc3 O-O 10. Be2 d6 11. Be3 b6 12. Qd2 Qc7 13. Rac1 Bb7 14. Rfd1 Rad8
15. Nd4 Qb8 16. Nb3 Ba8 17. f3 Nc8 18. Bh6 N6e7 19. Bxg7 Kxg7 20. Kh1 Bb7 21.
Qg5 Qc7 22. f4 Ng8 23. f5 exf5 24. exf5 Qe7 25. Qxe7 Ngxe7 26. fxg6 hxg6 27.
Nd4 Rd7 28. Rd2 Rc7 29. Rcd1 Rc5 30. Kg1 Rd8 31. a4 Rc7 32. b3 Na7 33. Bf3 Nac8
34. Bxb7 Rxb7 35. Nc2 Rc7 36. Nb4 Ra7 37. Ncd5 a5 38. Nxe7 Rxe7 39. Nc6 Red7
40. Nxd8 Rxd8 41. Rd5 Re8 42. Kf2 Re6 43. R1d3 Kf8 44. Rb5 Re7 45. Rh3 Rc7 46.
Rh8+ Ke7 47. h4 Rc6 48. g4 Kf6 49. Ke3 Na7 50. Rd5 Nc8 51. Kd4 Ne7 52. Rb5 Ke6
53. h5 gxh5 54. gxh5 Rc7 55. Rxb6 Nc6+ 56. Ke4 Ne5 57. Rh6+ f6 58. Rxf6+ Kxf6
59. Rxd6+ 1-0

[Event "X Festival Magistrale"]
[Site "Porto San Giorgio ITA"]
[Date "1998.08.28"]
[Round "8"]
[White "Zlochevskij, Alexander"]
[Black "Naumkin, Igor"]
[Result "1/2-1/2"]
[WhiteElo "2430"]
[BlackElo "2475"]
[PlyCount "39"]
[EventDate "1998.08.21"]

1. e4 e6 2. d4 d5 3. Nd2 c5 4. Ngf3 cxd4 5. Nxd4 Nc6 6. Nxc6 bxc6 7. Bd3 Bd6 8.
Nf3 Ne7 9. e5 Bc7 10. O-O h6 11. Re1 c5 12. c3 a5 13. Qa4+ Kf8 14. Be3 Bb6 15.
Rad1 Bd7 16. Qa3 Qc8 17. b3 Rb8 18. h4 Qc7 19. h5 a4 20. Rb1 1/2-1/2

[Event "X Festival Magistrale"]
[Site "Porto San Giorgio ITA"]
[Date "1998.08.29"]
[Round "9"]
[White "Badea, Bela"]
[Black "Safranska, Anda"]
[Result "1-0"]
[WhiteElo "2530"]
[BlackElo "2275"]
[PlyCount "77"]
[EventDate "1998.08.21"]

1. Nf3 Nf6 2. g3 g6 3. b3 Bg7 4. Bb2 O-O 5. Bg2 d6 6. d4 c5 7. c4 Qa5+ 8. Bc3
Qc7 9. Nbd2 cxd4 10. Nxd4 Nc6 11. O-O Nxd4 12. Bxd4 Bd7 13. e4 Ng4 14. Bxg7
Kxg7 15. Qe2 Ne5 16. h3 Rac8 17. Kh2 Qa5 18. f4 Nc6 19. Qd3 Kg8 20. a3 Qc7 21.
Rfd1 Rfd8 22. Nf1 a6 23. Ne3 Qb8 24. Bf1 Be6 25. b4 Qa7 26. Qd2 f6 27. Rac1 Kg7
28. h4 b5 29. h5 bxc4 30. Bxc4 Bxc4 31. Nxc4 gxh5 32. Kg2 h4 33. Rh1 Nd4 34.
Qd1 f5 35. Rxh4 h6 36. Qh5 Rh8 37. exf5 Qb7+ 38. Kf2 Qd5 39. f6+ 1-0

[Event "X Festival Magistrale"]
[Site "Porto San Giorgio ITA"]
[Date "1998.08.29"]
[Round "9"]
[White "Corvi, Marco"]
[Black "Vera Gonzalez-Quevedo, Reynaldo"]
[Result "0-1"]
[WhiteElo "2305"]
[BlackElo "2530"]
[PlyCount "64"]
[EventDate "1998.08.21"]

1. c4 b6 2. Nc3 e6 3. e4 Bb7 4. Nf3 Bb4 5. Bd3 Ne7 6. O-O O-O 7. Bc2 f5 8. Qe2
Qe8 9. Nb5 Qh5 10. Nfd4 Qg6 11. a3 Bc5 12. Nb3 a6 13. Nxc5 bxc5 14. Nc3 Nbc6
15. exf5 Nxf5 16. f3 Ncd4 17. Qd1 Rf7 18. b4 Raf8 19. Bb2 Qg5 20. Be4 Nh4 21.
f4 Rxf4 22. Rxf4 Rxf4 23. Bxb7 c6 24. g3 Nhf3+ 25. Kf2 Nh4+ 26. Kg1 Nhf3+ 27.
Kf2 Rh4 28. gxh4 Qxh4+ 29. Ke3 Qg5+ 30. Kd3 Ne5+ 31. Ke4 Qf5+ 32. Ke3 Nxc4# 0-1

[Event "X Festival Magistrale"]
[Site "Porto San Giorgio ITA"]
[Date "1998.08.29"]
[Round "9"]
[White "Fercec, Nenad"]
[Black "Sedina, Elena"]
[Result "1-0"]
[WhiteElo "2490"]
[BlackElo "2410"]
[PlyCount "47"]
[EventDate "1998.08.21"]

1. e4 Nf6 2. e5 Nd5 3. Nf3 d6 4. Bc4 c6 5. h3 dxe5 6. Nxe5 Nd7 7. Nf3 e5 8. O-O
Bd6 9. d4 O-O 10. Nc3 Nxc3 11. bxc3 e4 12. Ng5 Nf6 13. f3 exf3 14. Qxf3 Qc7 15.
Qd3 h6 16. Rxf6 hxg5 17. Rh6 gxh6 18. Qg6+ Kh8 19. Qxh6+ Kg8 20. Qxg5+ Kh8 21.
Qh6+ Kg8 22. Bg5 Be7 23. Bd3 f5 24. Bc4+ 1-0

[Event "X Festival Magistrale"]
[Site "Porto San Giorgio ITA"]
[Date "1998.08.29"]
[Round "9"]
[White "Iotti, Pierluigi"]
[Black "Sermek, Drazen"]
[Result "0-1"]
[WhiteElo "2320"]
[BlackElo "2550"]
[PlyCount "60"]
[EventDate "1998.08.21"]

1. d4 d5 2. Nf3 Nf6 3. e3 Bf5 4. c4 c6 5. Nc3 e6 6. Qb3 Qb6 7. c5 Qc7 8. Ne5
Nbd7 9. f4 Be7 10. Be2 Nxe5 11. fxe5 Ne4 12. O-O O-O 13. Nxe4 Bxe4 14. Qc3 f6
15. exf6 Bxf6 16. Bd2 e5 17. Be1 exd4 18. exd4 Qe7 19. Bg4 b6 20. cxb6 axb6 21.
Bf2 c5 22. a4 g6 23. b3 h5 24. Bh3 Bg7 25. Be3 g5 26. g3 g4 27. Rxf8+ Rxf8 28.
Bf1 Rf3 29. Rd1 cxd4 30. Rxd4 Qf6 0-1

[Event "X Festival Magistrale"]
[Site "Porto San Giorgio ITA"]
[Date "1998.08.29"]
[Round "9"]
[White "Malakhov, Vladimir"]
[Black "Inkiov, Ventzislav V."]
[Result "1-0"]
[WhiteElo "2550"]
[BlackElo "2495"]
[PlyCount "97"]
[EventDate "1998.08.21"]

1. e4 c5 2. Nf3 Nc6 3. Bb5 d6 4. O-O Bd7 5. Re1 Nf6 6. c3 a6 7. Bf1 e5 8. h3
Be7 9. d4 Qc7 10. Nbd2 b5 11. a4 Rb8 12. d5 Na5 13. b4 Nb7 14. axb5 axb5 15.
Bb2 O-O 16. Ra7 Ra8 17. Qa1 Qb8 18. Ra6 c4 19. Qa2 Rxa6 20. Qxa6 Qa8 21. Ra1
Qxa6 22. Rxa6 Rb8 23. Ne1 Ne8 24. Nc2 Nc7 25. Ra7 Kf8 26. g3 Ke8 27. f4 f6 28.
Be2 Kd8 29. Bg4 f5 30. exf5 exf4 31. Nd4 fxg3 32. Nc6+ Bxc6 33. dxc6 Bg5 34.
Nf1 Nc5 35. bxc5 dxc5 36. Nxg3 Rb6 37. Bf3 Bf4 38. Ne2 Be3+ 39. Kg2 Ra6 40.
Rxa6 Nxa6 41. Bd5 Kc7 42. Kf3 Bd2 43. Ng3 Kd6 44. Bxc4 Kxc6 45. Bg8 c4 46. Ne4
Bh6 47. Ba3 Nb8 48. Bxh7 Nd7 49. Bg8 1-0

[Event "X Festival Magistrale"]
[Site "Porto San Giorgio ITA"]
[Date "1998.08.29"]
[Round "9"]
[White "Mrdja, Milan"]
[Black "Sebastianelli, Dario"]
[Result "1-0"]
[WhiteElo "2430"]
[BlackElo "2180"]
[PlyCount "67"]
[EventDate "1998.08.21"]

1. e4 d5 2. exd5 Qxd5 3. Nc3 Qa5 4. Bc4 Nf6 5. d3 c6 6. Bd2 Qc7 7. Qe2 Bf5 8.
Nf3 Nbd7 9. h3 h5 10. O-O-O e6 11. Nd4 Qe5 12. Qxe5 Nxe5 13. Nxf5 Nxc4 14.
Nxg7+ Bxg7 15. dxc4 O-O-O 16. Be3 Bh6 17. Rxd8+ Kxd8 18. Bxh6 Rxh6 19. g3 Kc7
20. Re1 Nd7 21. Ne4 f6 22. b3 Rg6 23. h4 Rg8 24. Rd1 Rg7 25. Kd2 Rg6 26. Ke2 b6
27. Nd2 Nc5 28. Nf1 Ne4 29. Rd3 Nc5 30. Re3 Kd6 31. b4 Nd7 32. Ra3 Ne5 33. Rxa7
Nxc4 34. Ne3 1-0

[Event "X Festival Magistrale"]
[Site "Porto San Giorgio ITA"]
[Date "1998.08.29"]
[Round "9"]
[White "Razuvaev, Yuri S."]
[Black "Rotstein, Arkadij"]
[Result "1/2-1/2"]
[WhiteElo "2560"]
[BlackElo "2515"]
[PlyCount "35"]
[EventDate "1998.08.21"]

1. Nf3 e6 2. c4 d5 3. d4 Nf6 4. Nc3 c5 5. cxd5 Nxd5 6. e3 Nc6 7. Bc4 Be7 8. O-O
O-O 9. Bxd5 exd5 10. dxc5 Be6 11. b3 Bxc5 12. Bb2 a6 13. h3 Re8 14. Ne2 Bd6 15.
Ned4 Qf6 16. Rc1 Ne5 17. Nxe6 Nxf3+ 18. Qxf3 1/2-1/2

[Event "X Festival Magistrale"]
[Site "Porto San Giorgio ITA"]
[Date "1998.08.29"]
[Round "9"]
[White "Skembris, Spyridon"]
[Black "Van der Vorm, Teun"]
[Result "1/2-1/2"]
[WhiteElo "2480"]
[BlackElo "2350"]
[PlyCount "60"]
[EventDate "1998.08.21"]

1. d4 d5 2. c4 e6 3. Nf3 c6 4. Qc2 Nf6 5. g3 dxc4 6. Qxc4 b5 7. Qc2 Bb7 8. Bg2
Nbd7 9. O-O c5 10. Bg5 Rc8 11. Qd3 Qb6 12. Nbd2 h6 13. Bxf6 Nxf6 14. Rac1 Be7
15. dxc5 Rxc5 16. Nb3 Rxc1 17. Rxc1 Nd5 18. Nfd4 a6 19. Nf5 Bg5 20. Rd1 O-O 21.
e4 Nb4 22. Qd6 Nc6 23. Qc5 Qxc5 24. Nxc5 exf5 25. Nxb7 fxe4 26. Bxe4 Nb8 27.
Kg2 Be7 28. h4 Rc8 29. Rd2 Rc7 30. b3 g6 1/2-1/2

[Event "VI C.to Italiano U20"]
[Site "Porto San Giorgio ITA"]
[Date "1998.08.21"]
[Round "1"]
[White "De Bortoli, Peter"]
[Black "Artizzu, Giulio"]
[Result "0-1"]
[WhiteElo "2215"]
[BlackElo "1729"]
[PlyCount "46"]
[EventDate "1998.08.21"]

1. e4 e5 2. f4 d5 3. exd5 c6 4. d4 exd4 5. Nf3 Nf6 6. dxc6 Nxc6 7. Nbd2 Nd5 8.
Nb3 Bb4+ 9. Kf2 Bg4 10. Bb5 O-O 11. Bxc6 Bxf3 12. Kxf3 bxc6 13. Qxd4 c5 14. Qd3
c4 15. Qxc4 Nf6 16. Nd4 Rc8 17. Qxb4 Qd5+ 18. Kf2 Rc4 19. Qb3 Qxd4+ 20. Be3
Ng4+ 21. Kf3 Qe4+ 22. Kxg4 Qxg2+ 23. Kh5 Qh3+ 0-1

[Event "VI C.to Italiano U20"]
[Site "Porto San Giorgio ITA"]
[Date "1998.08.21"]
[Round "1"]
[White "Picciotti, Francesco"]
[Black "Mariano, Elia"]
[Result "0-1"]
[WhiteElo "1732"]
[BlackElo "2250"]
[PlyCount "66"]
[EventDate "1998.08.21"]

1. e4 c6 2. d4 d5 3. e5 Bf5 4. Ne2 e6 5. Ng3 Bg6 6. h4 h6 7. h5 Bh7 8. Bd3 Bxd3
9. Qxd3 Qa5+ 10. Bd2 Qa6 11. Nc3 Qxd3 12. cxd3 c5 13. Rc1 Nc6 14. dxc5 Nxe5 15.
Ke2 Nf6 16. Nb5 Kd7 17. Bf4 Nc6 18. Bd6 a6 19. Bxf8 Rhxf8 20. Nc3 Rab8 21. Na4
Ke7 22. a3 Nd7 23. Rhe1 Rfc8 24. b4 a5 25. Rb1 Nd4+ 26. Kf1 Nc2 27. Rec1 Nxa3
28. Rb3 axb4 29. Rxb4 b5 30. Nb2 Rxc5 31. Rxc5 Nxc5 32. Ke2 Rc8 33. d4 Nc2 0-1

[Event "VI C.to Italiano U20"]
[Site "Porto San Giorgio ITA"]
[Date "1998.08.21"]
[Round "1"]
[White "Stoll, Thomas"]
[Black "Ibba, Isacco"]
[Result "1-0"]
[WhiteElo "2280"]
[BlackElo "1741"]
[PlyCount "56"]
[EventDate "1998.08.21"]

1. e4 Nc6 2. d4 d5 3. e5 Bf5 4. Ne2 e6 5. Ng3 Bg6 6. h4 h6 7. h5 Bh7 8. Bd3
Bxd3 9. Qxd3 Qd7 10. a3 a6 11. Bd2 Na7 12. Bb4 c5 13. Bxc5 Bxc5 14. dxc5 Qc7
15. Qe3 d4 16. Qxd4 Rd8 17. Qe3 Nc6 18. Rh4 Rd5 19. Nc3 Rxe5 20. Re4 Nf6 21.
Rxe5 Nxe5 22. Nge4 Neg4 23. Nd6+ Ke7 24. Qd4 b6 25. b4 bxc5 26. bxc5 Qa5 27.
Rb1 Nd5 28. Rb7+ Kd8 1-0